| 000 | 00998nmm a2200349 a 4500 | ||
|---|---|---|---|
| 003 | AR-BaBNM | ||
| 005 | 20251128204513.0 | ||
| 008 | 087119s1993 ||||||||||||||000 | spa|| | ||
| 020 | _a950-14-0672-5 | ||
| 040 | _cAR-BaBNM | ||
| 245 | 1 | 0 |
_aCódigo procesal penal de la Nación [ley 23.984] _bcomentada y concordado |
| 250 | _a2ª ed. | ||
| 260 |
_aBuenos Aires _bDepalma _c1993 |
||
| 300 | 1 |
_axxxix, 587 p. _btablas, mapas |
|
| 500 | 0 | _aContiene apéndice p. 477-557 y anexos p. 569-587 | |
| 500 | 0 | _aIndice p. xv-xxxvii | |
| 500 | 0 | _aIndice alfabético p. 559-568 | |
| 521 | _aPRIMARIO | ||
| 650 | 4 | _aDERECHO PROCESAL | |
| 650 | 4 | _aDERECHO PENAL | |
| 650 | 4 | _aPROCEDIMIENTO PENAL | |
| 650 | 4 | _aCODIGOS | |
| 650 | 4 | _aLEGISLACION ARGENTINA | |
| 653 | 0 | _aLIBROS DE LECTURA | |
| 653 | 0 | _aENSENANZA DE LA LENGUA | |
| 700 | 1 | _aLevene, Ricardo | |
| 700 | 1 | _aCasanovas, Jorge O. | |
| 700 | 1 | _aLevene, Ricardo | |
| 700 | 1 | _aHortel, Eduardo C. | |
| 942 | _cBK | ||
| 998 | _cAndrea | ||
| 999 |
_c7681 _d7681 |
||